000 00511nam a2200169 i 4500
001 133061
003 ES-MaACL
005 20230906194321.0
007 t|
008 070214s1932 sp r ||||1| spa d
100 1 _aRubén Romero, José.
_9100289
245 1 0 _aApuntes de un lugareño /
_cJosé Rubén Romero ; dibujos de Ignacio Vidal.
260 _aBarcelona :
_bNúñez y Cia.,
_c1932.
300 _a360 p., 9 lám. :
_bil. ;
_c19 cm.
700 0 _aVidal, Ignacio.
_9114432
852 _aES-MaACL
_jA-1069
999 _c133061
_d133061